00935nam a2200241 a 450000100060000000300080000600500170001400800410003102000390007203500190011104000270013004100080015708200250016524501090019026000730029930000320037250400530040465000360045770000290049394200120052299900170053495201420055160739BD-RjUL20211209080858.0170102s1974 enka b 001 0 eng  a0582500125 :c£5.95 ($17.50 U.S.) a(BD-RjUL)60863 aDLCcDLCdBD-RjULbeng aeng00a370.15223bCHP 197404aThe Practice of educational psychology /cMaurice Chazan ... [et al.] ; with a chapter by Muriel Walker. aLondon :bLongman ;aNew York :bdistributed by Longman Inc.,c1974. ax, 422 p. :bill. ;c24 cm. aIncludes indexes and Bibliography: p. [379]-408. 0aEducational psychology.91782671 aChazan, Maurice.9180969 2ddccBK c60739d60739 00102ddc40718NFICaRUCLbRUCLcReadingd1979-03-06eIndia Govt.g110.50l0o370.15 CHP 1974r2017-01-02 00:00:00tC-1w2017-01-02yBK